O mistério do ardina (Registo nº 2021)

Detalhes MARC
000 -Etiqueta do registo
Cabeçalho 00822nam a22002651 4500
005 - Identificador da versão
Campo de controlo 20240827112154.0
021 ## - Número do Depósito Legal
Código do país PT
Número 14197/86
100 ## - Dados gerais de processamento
Dados gerais de processamento 19940930d1987 da y0pory5003 ba
101 1# - Língua de publicação
Língua do texto, banda sonora, etc. Português
Língua do documento no original Inglês
102 ## - Pais de publicação ou produção
País de publicação Portugal
105 ## - Campo de dados codificados: livros
Dados codificados dos livros a z 001ay
106 ## - Campo de dados codificados: material textual
Dados codificados do material textual r
200 1# - Titulo e menção de responsabilidade
Título próprio O mistério do ardina
Primeira menção de responsabilidade E. W. Hildick
Outras menções de responsabilidade trad. de Ricardo Alberty
-- il. de Val Biro
210 ## - Publicação, Distribuição, etc. 
Lugar da edição, distribuição, etc. Lisboa
Nome do editor, distribuidor, etc. Verbo
Data da publicação, distribuição, etc. imp. 1987
215 ## - Descrição física 
Indicação específica da natureza do documento e extensão da espécie 88 p.
Outras indicações físicas il.
Dimensões 21 cm
225 2# - Colecção 
Título próprio da colecção As aventuras de Mac Gurk
Indicação de volume 5
304 ## - Notas relativas a título e menção de responsabilidade 
Texto da nota Tít. orig.: The case of the nervous newsboy
606 ## - Nome comum usado como assunto
Número de registo de entrada de autoridade 0000229
Palavra de ordem Literatura estrangeira infanto-juvenil
Subdivisão de assunto Romance de aventuras
675 ## - Classificação Decimal Universal (CDU)
Notação 82-311.3
Edição
Língua da edição por
700 #1 - Nome de autor-pessoa física (responsabilidade principal)
Número de registo de entrada de autoridade 0000690
Palavra de ordem Hildick
Outra parte do nome não tomada para palavra de ordem E. W.
702 #1 - Nome de autor-pessoa física (responsabilidade secundária)
Número de registo de entrada de autoridade 0000596
Palavra de ordem Alberty
Outra parte do nome não tomada para palavra de ordem Ricardo
Datas 1919-1992
Código de função Tradutor
Número de registo de entrada de autoridade 0000691
Palavra de ordem Biro
Outra parte do nome não tomada para palavra de ordem Val
Código de função Ilustrador / Técnico de desenho computorizado
942 ## - Elementos de entrada adicionados (Koha)
Tipo de item no Koha Livro
Exemplares
Situação do levantamento Origin of item (home branch) (coded) Biblioteca de empréstimo Código de barras Cota Circulation type (not for loan) Tipo de documento Nota do exemplar Damaged status
  Biblioteca Escolar da Coca Maravilhas Biblioteca Escolar da Coca Maravilhas BECM2584/94 8EST HIL   Livro Sem mensagem